Statistiques concernant Gares accueillant plusieurs lignes de RER

Cliquez ici pour prendre le quiz!

Statistiques générales

  • Ce quiz a été pris 638 fois
  • Le résultat moyen est 7 sur 9

Statistiques - réponses

LignesDépartementGare% Correct
B D EParisGare du Nord (Magenta)
97%
A DParisGare de Lyon
96%
A B DParisChâtelet Les Halles
95%
A EParisHaussmann Saint-Lazare (Auber)
87%
B CParisSaint-Michel
83%
B CEssonneMassy-Palaiseau
77%
A EVal-de-MarneVal de Fontenay
72%
C DEssonneJuvisy
71%
B CEssonneMassy-Verrières
59%

Distribution des résultats

Percentile par nombre de réponses

% des personnes avec chaque résultat

Votre développement - résultats

Vous n’avez pas pris ce quiz